Suelos Agrícolas : (Record no. 7576)

000 -CABECERA
fixed length control field 00921nam a22002417a 4500
003 - IDENTIFICADOR DEL NÚMERO DE CONTROL
control field AR-CdUCM
008 - DATOS DE LONGITUD FIJA--INFORMACIÓN GENERAL
fixed length control field 190320b ||||| |||| 00| 0 spa d
040 ## - FUENTE DE LA CATALOGACIÓN
Agencia/entidad que catalogó originalmente la obra MUNICIPALIDAD PROVINCIAL DEL CUSCO
Entidad que transcribió la catalogación BIBLIOTECA MUNICIPAL DEL CUSCO
082 ## - NÚMERO DE LA CLASIFICACIÓN DECIMAL DEWEY
No. de Clasificación 631.4 /
Notacion interna W84
100 ## - ENTRADA PRINCIPAL--NOMBRE DE PERSONA
Nombre Personal Worthem, Edmund
245 ## - MENCIÓN DE TÍTULO
Título Suelos Agrícolas :
Resto del título Su conservación y fertilización /
260 ## - PUBLICACIÓN, DISTRIBUCIÓN, ETC.
Lugar de publicación, distribución, etc. México :
Nombre de la editorial, distribuidor, etc. Hispano Americana /
300 ## - DESCRIPCIÓN FÍSICA
Nº de Páginas Extensión 416 paginas :
Otros detalles físicos Ilustraciones,
Dimensiones 23 cm.
440 ## - MENCIÓN DE SERIE/PUNTO DE ACCESO ADICIONAL--TÍTULO
Título Biblioteca técnica de agricultura y ganadería
9 (RLIN) 21394
505 ## - NOTA DE CONTENIDO CON FORMATO
Nota de contenido formateada Contenido :El suelo que nos alimenta --Los suelos, el clima y las cosechas --El conocimiento del suelo --Las labores de preparación siembra y cultivo ...
650 ## - PUNTO DE ACCESO ADICIONAL DE MATERIA--TÉRMINO DE MATERIA
Descriptor Cosecha
9 (RLIN) 21349
650 ## - PUNTO DE ACCESO ADICIONAL DE MATERIA--TÉRMINO DE MATERIA
Descriptor Cultivo
9 (RLIN) 19546
650 ## - PUNTO DE ACCESO ADICIONAL DE MATERIA--TÉRMINO DE MATERIA
Descriptor Suelo
9 (RLIN) 21395
700 ## - PUNTO DE ACCESO ADICIONAL--NOMBRE DE PERSONA
Nombre Personal Samuel R. Aldrich
9 (RLIN) 21396
700 ## - PUNTO DE ACCESO ADICIONAL--NOMBRE DE PERSONA
Nombre Personal Jose Luis de la Loma
9 (RLIN) 21397
942 ## - ELEMENTOS DE PUNTO DE ACCESO ADICIONAL (KOHA)
Fuente de clasificación
Tipo de item Libros-BMC
945 ## - PROCESAMIENTO DE INFORMACIÓN LOCAL (OCLC)
Catalogador rjall
Holdings
Estado de retiro (separado) Fuente de clasificación o esquema de estanterías Estado dañado Ubicación Sala donde se ubica Nombre de la colección Fecha de adquisición o compra Costo, precio normal en soles Signatura topográfica Código de Barras Última vez visto (Koha) Tipo de ítem (Koha)
No     Sala Ciencias Sala Ciencias Book Cart 2019-03-20 35.00 631.4 / W84 SC0000000519 2019-03-20 Libros-BMC

Powered by Koha